000 00634nam a2200193 i 4500
001 36546
003 ES-MaACL
005 20230906155406.0
007 t|
008 030218s1966 sp ||||1| spa d
100 1 _aBrown, Ernest Henry Phelps.
_931987
245 1 0 _aCurso de economía aplicada /
_cpor Ernest Henry Phelps Brown y J. Wiseman ; versión Gerardo Guinea Rodriguez.
250 _a1ª ed. española de la 2ª ed. inglesa.
260 _aMadrid :
_bCOMPI,
_c1966.
300 _a506 p. ;
_c22 cm.
700 1 _aWiseman, J.
_9117147
700 1 _aGuinea Rodríguez, Gerardo.
_960864
852 _aES-MaACL
_jC-31568
_bR.61453
999 _c36546
_d36546